LEADER 01170nem2 2200361 450 001 990009812820403321 005 20140121152404.0 035 $a000981282 035 $aFED01000981282 035 $a(Aleph)000981282FED01 035 $a000981282 100 $a20140121d1576----km-y0itay50------ba 101 0 $aita 102 $aIT 120 $aa------------ 121 $aaa-aa---- 123 0 $aa 200 1 $aIslanda$bDocumento cartografico 206 $aScala non determinabile 210 $aIn Venetia$cappresso Simon Galignani et Girolamo Porro$d1576 215 $a1 c. [p. 1]$d15 x 11 cm 300 $aRappresentazione dell'orografia a mucchi di talpa 463 0$1001000964765 610 0 $aIslanda$aCarte antiche 700 1$aPorcacchi,$bTommaso$f<1530-1585>$0327571 701 1$aPorro,$bGirolamo$f<1520-1604>$0327572 801 0$aIT$bUNINA$gRICA$2UNIMARC 856 4 $zVisualizza versione elettronica presso Internet culturale$uhttp://iccu01e.caspur.it/ms/internetCulturale.php?id=mag_GEO0002701&teca=GeoWeb+-+Marciana$e20140121 901 $aMP 912 $a990009812820403321 959 $aILFGE 996 $aIslanda$9837978 997 $aUNINA LEADER 01280cam0-22004091i-4500 001 990006861790403321 005 20161216130433.0 010 $a88-85669-58-1 035 $a000686179 035 $aFED01000686179 035 $a(Aleph)000686179FED01 035 $a000686179 100 $a20010426d1997----km-y0itay50------ba 101 0 $aita 105 $ay-------001yy 200 1 $aSviluppo economico e società preindustriali$ecicli, strutture e congiunture in Europa dal Medioevo alla prima età moderna$fLuciano Palermo 210 $aRoma$cViella$d1997 215 $a464 p.$d21 cm 225 1 $a<>libri di Viella$v12 610 0 $aEconomia$aEuropa$aSviluppo I)$aAspetti sociali (sec. XIV-XVI) 610 0 $aEuropa$aCondizioni socioeconomiche (sec. XIV-XVI) 676 $a330.94 676 $a306.3094 700 1$aPalermo,$bLuciano$0139809 801 0$aIT$bUNINA$gRICA$2UNIMARC 901 $aBK 912 $a990006861790403321 952 $aCollez. 2105 (12)$b31799$fFSPBC 952 $aSE 112.01.28-$b1072D$fDECTS 952 $a306.3094 PAL 1$b6618$fBFS 952 $aN1.148$b7375$fDECTS 959 $aFSPBC 959 $aDECSE 959 $aBFS 959 $aDECTS 996 $aSviluppo economico e società preindustriali$9625022 997 $aUNINA LEADER 00989nam a22002651i 4500 001 991000584109707536 005 20040108084647.0 008 040220s1954 it a||||||||||||||||ita 035 $ab12639990-39ule_inst 035 $aARCHE-063834$9ExL 040 $aDip.to Scienze pedagogiche$bita$cA.t.i. Arché s.c.r.l. Pandora Sicilia s.r.l. 082 04$a133.42 245 00$aSatana /$cGermain Bazin ... [et al.] 260 $aMilano :$bVita e pensiero,$c1954 300 $a454 p., [8] c. di tav. :$bill. ;$c23 cm 500 $aA cura di p. Bruno de Jesus-Marie 650 4$aDemonio 650 4$aOssessi 700 1 $aBazin, Germain$eauthor$4http://id.loc.gov/vocabulary/relators/aut$0217058 907 $a.b12639990$b02-04-14$c17-03-04 912 $a991000584109707536 945 $aLE022 MP 79 I 2$g1$i2022000161930$lle022$o-$pE0.00$q-$rl$s- $t0$u0$v0$w0$x0$y.i13143293$z17-03-04 996 $aSatana$91446846 997 $aUNISALENTO 998 $ale022$b17-03-04$cm$da $e-$fita$git $h0$i1 LEADER 01059nam a2200265 i 4500 001 991001263249707536 005 20020507190229.0 008 960612s1976 it ||| | eng 035 $ab10823220-39ule_inst 035 $aLE01309542$9ExL 040 $aDip.to Matematica$beng 082 0 $a530.15 084 $aAMS 81-06 084 $aAMS 81-XX 100 1 $aFoà, Lorenzo$028048 245 10$aProceedings of the symposium on frontier problems in high energy physics :$bin honour of Gilberto Bernardini on his 70th birthday /$c[edited by Lorenzo Foà] 260 $aPisa :$bScuola Normale Superiore Pisa,$c1976 300 $a200 p. ;$c24 cm. 650 4$aQuantum theory$xCongresses 907 $a.b10823220$b02-04-14$c28-06-02 912 $a991001263249707536 945 $aLE013 81-XX FOA11 (1976)$g1$i2013000050966$lle013$o-$pE0.00$q-$rl$s- $t0$u0$v0$w0$x0$y.i10930693$z28-06-02 996 $aProceedings of the symposium on frontier problems in high energy physics$9924125 997 $aUNISALENTO 998 $ale013$b01-01-96$cm$da $e-$feng$git $h0$i1